| 000 | 00425nam a2200169Ia 4500 | ||
|---|---|---|---|
| 008 | 230917s9999||||xx |||||||||||||| ||und|| | ||
| 020 | _cRs. 199.00 | ||
| 040 |
_e5010440 _aMAIN |
||
| 041 | _aEnglish | ||
| 082 | _a005.133 B181O | ||
| 100 | _aBalagurusamy, E | ||
| 245 | 0 | _aObject-oriented programming with C++ | |
| 250 | _a3rd. ed. | ||
| 260 |
_aNew Delhi _bTata Mcgraw-Hill _c2006 |
||
| 300 | _axi, 614 p. | ||
| 942 | _cBK | ||
| 999 |
_c10137 _d10137 |
||